000 00576nam a2200181Ia 4500
003 IN-BaIIA
008 211028s9999 xx 000 0 eng d
020 _a0-521-25620-8
040 _cIIA Library
080 _a524.3-64
_bMET
245 0 _aMethods in radiative transfer
_cedited by Wolfgang Kalkofen
260 _aCambridge
_bCambridge University Press
_c1984
300 _aviii, 450p.
650 _aAstronomy and astrophysics thesaurus
650 _aRadiative transfer
_91568
700 _aKalkofen, Wolfgang, ed.,
_913322
942 _cBK
999 _c7899
_d7899